000 00450nam a2200205Ia 4500
003 OSt
005 20220923230834.0
006 a|||||r|||| 00| 0
007 ta
008 Pun
024 _a305,986
037 _cTextual
040 _aARTS
_cARTS
_bPun
041 _2Pun
_aPun
082 _aP153, 153K6
245 0 _aਪੰਜਾਬੀ ਬਾਰੇ
260 _c1966
942 _hP153, 153K6
_cTEXL
_2CC
999 _c387773
_d387773